[Event "AUT-chT2M 2324"]
[Site "Austria"]
[Date "2024.03.15"]
[Round "6.2"]
[White "Dankhazi, Andras"]
[Black "Mazi, Leon"]
[Result "1-0"]
[WhiteElo "2329"]
[BlackElo "2320"]
[PlyCount "131"]
[EventDate "2023.11.03"]
[EventType "team-tourn"]
[EventRounds "11"]
[EventCountry "AUT"]
[SourceTitle "CB16_2024"]
[SourceDate "2024.04.17"]
[SourceVersion "1"]
[SourceVersionDate "2024.04.17"]
[SourceQuality "1"]
[WhiteTeam "Graz Schachfreunde"]
[BlackTeam "St Veit/Glan"]
[WhiteTeamCountry "AUT"]
[BlackTeamCountry "AUT"]

1. d4 d5 2. Nf3 Nf6 3. c4 dxc4 4. e3 e6 5. Bxc4 a6 6. 0-0 c5 7. b3 b5 8. Be2 cxd4 9. Nxd4 Bb7 10. Bb2 Be7 11. a4 bxa4 12. Rxa4 0-0 13. Nd2 Nc6 14. Bxa6 Rxa6 15. Rxa6 Bxa6 16. Nxc6 Qc7 17. Nxe7+ Qxe7 18. Bxf6 Qxf6 19. Nc4 Bb7 20. Qd3 Rd8 21. Qe2 Rb8 22. Rd1 h6 23. Qd3 Qg5 24. e4 Qa5 25. Nd6 Qb4 26. Qf3 f5 27. Nxb7 Qxb7 28. exf5 Qxf3 29. gxf3 Rxb3 30. fxe6 Kf8 31. Rd8+ Ke7 32. Rd7+ Kxe6 33. Rxg7 Kf6 34. Rg8 Kf7 35. Rg3 Kf6 36. Kg2 Rb4 37. Rg4 Rb3 38. Ra4 Rb6 39. Kg3 Rb2 40. Ra6+ Kg7 41. Ra7+ Kg6 42. Ra6+ Kg7 43. f4 Rb5 44. Re6 Rb3+ 45. f3 Rb1 46. f5 Rb5 47. Kg4 Rb2 48. h4 Rg2+ 49. Kf4 Rh2 50. Rg6+ Kh7 51. Kg4 Rg2+ 52. Kh3 Ra2 53. h5 Ra5 54. Kg4 Ra4+ 55. f4 Ra5 56. f6 Ra7 57. Rg7+ Rxg7+ 58. fxg7 Kxg7 59. Kf5 Kf7 60. Ke5 Ke7 61. f5 Kf7 62. f6 Kf8 63. Ke4 Ke8 64. Kf5 Kf8 65. Ke5 Ke8 66. Ke6 1-0

[Event "Titled Tuesday intern op 28th Jun Early"]
[Site "Chess.com INT"]
[Date "2022.06.28"]
[Round "8"]
[White "Daeschler, Florian"]
[Black "Dankhazi, Andras"]
[Result "0-1"]
[WhiteElo "2219"]
[BlackElo "2298"]
[PlyCount "160"]
[EventDate "2022.06.28"]
[EventType "swiss (blitz)"]
[EventRounds "11"]
[EventCountry "USA"]
[SourceTitle "CBM 209 Extra"]
[Source "ChessBase"]
[SourceDate "2022.09.30"]
[SourceVersion "1"]
[SourceVersionDate "2022.09.30"]
[SourceQuality "1"]

1. e4 d5 2. exd5 Qxd5 3. Nc3 Qe5+ 4. Be2 c6 5. Nf3 Qc7 6. d4 Nf6 7. 0-0 Bg4 8. Ne5 Bxe2 9. Qxe2 e6 10. Bf4 Bd6 11. h3 0-0 12. Rfe1 Nd5 13. Nxd5 cxd5 14. c3 Nc6 15. Nxc6 bxc6 16. Bxd6 Qxd6 17. Qg4 c5 18. dxc5 Qxc5 19. h4 Rab8 20. Re2 a5 21. h5 h6 22. Rd1 Rb6 23. Rd3 Qc4 24. Rd4 Qxa2 25. Qg3 Rxb2 26. Rxb2 Qxb2 27. Rg4 Qb1+ 28. Kh2 Qh7 29. Qc7 Qf5 30. f3 Qxh5+ 31. Kg1 Qf5 32. Qxa5 Qe5 33. c4 Qe3+ 34. Kh2 dxc4 35. Rxc4 Qd3 36. Rg4 Qd6+ 37. Kh3 e5 38. Qa1 Qe6 39. Kh2 f6 40. Qa7 Qf7 41. Qe3 Kh8 42. Qd3 Re8 43. Ra4 f5 44. Qe3 Qc7 45. Ra7 Qd6 46. Kh1 e4 47. f4 Qd1+ 48. Kh2 Qh5+ 49. Kg1 Qd1+ 50. Kh2 Qd3 51. Qb6 Rg8 52. Qg6 e3 53. Re7 e2 54. Qe6 Qd2 55. Qxe2 Qxf4+ 56. Kg1 Qd4+ 57. Kh2 Qh4+ 58. Kg1 Qd4+ 59. Kh2 Rd8 60. Re8+ Rxe8 61. Qxe8+ Kh7 62. Qf7 Qf4+ 63. Kg1 Qe3+ 64. Kh2 Qe5+ 65. Kg1 Qe1+ 66. Kh2 Qe5+ 67. Kg1 Qc5+ 68. Kh2 Qd6+ 69. Kg1 Qb6+ 70. Kh2 Qd6+ 71. Kg1 Qg6 72. Qf8 Qb6+ 73. Kh2 Qe6 74. g3 Qe2+ 75. Kh3 Qh5+ 76. Kg2 Qe2+ 77. Kh3 Qg4+ 78. Kh2 Qg5 79. Qf7 h5 80. Kg2 h4 0-1

[Event "Titled Tuesday intern op 28th Jun Early"]
[Site "Chess.com INT"]
[Date "2022.06.28"]
[Round "10"]
[White "Dankhazi, Andras"]
[Black "Hollan, Petr"]
[Result "1-0"]
[WhiteElo "2298"]
[BlackElo "2276"]
[PlyCount "111"]
[EventDate "2022.06.28"]
[EventType "swiss (blitz)"]
[EventRounds "11"]
[EventCountry "USA"]
[SourceTitle "CBM 209 Extra"]
[Source "ChessBase"]
[SourceDate "2022.09.30"]
[SourceVersion "1"]
[SourceVersionDate "2022.09.30"]
[SourceQuality "1"]

1. d4 Nf6 2. Nf3 g6 3. e3 Bg7 4. Be2 0-0 5. 0-0 d5 6. b3 c5 7. Bb2 b6 8. dxc5 bxc5 9. c4 Bb7 10. cxd5 Bxd5 11. Qc1 Nbd7 12. Rd1 Qb6 13. Nc3 Bc6 14. Nd2 Rad8 15. Bf3 Ne5 16. Bxc6 Qxc6 17. Qc2 Nd3 18. Nc4 Nxb2 19. Nxb2 Ng4 20. h3 Nxf2 21. Qxf2 Bxc3 22. Rac1 Rxd1+ 23. Rxd1 Qe4 24. Nc4 a5 25. Rc1 Bf6 26. Nxa5 Ra8 27. Nc4 Bg5 28. Re1 Qd3 29. Qe2 Qc3 30. Rd1 e6 31. Kh2 Bf6 32. Qd2 Be5+ 33. Kg1 Qxd2 34. Rxd2 Bc3 35. Rc2 Bb4 36. Kf2 f5 37. Ke2 g5 38. e4 g4 39. hxg4 fxg4 40. Kf2 h5 41. Kg3 Kg7 42. Kf4 Kf6 43. Ne5 Rd8 44. Nc4 Rd1 45. a3 Bxa3 46. Nxa3 Rd3 47. e5+ Kg6 48. Rxc5 Rxb3 49. Nc4 Rc3 50. g3 Rf3+ 51. Ke4 Rxg3 52. Rc6 Rc3 53. Rxe6+ Kg5 54. Nd6 h4 55. Nf7+ Kh5 56. Rh6# 1-0

[Event "Titled Tuesday intern op 28th Jun Early"]
[Site "Chess.com INT"]
[Date "2022.06.28"]
[Round "3"]
[White "Dankhazi, Andras"]
[Black "Terry, Renato"]
[Result "0-1"]
[WhiteElo "2298"]
[BlackElo "2502"]
[PlyCount "112"]
[EventDate "2022.06.28"]
[EventType "swiss (blitz)"]
[EventRounds "11"]
[EventCountry "USA"]
[SourceTitle "CBM 209 Extra"]
[Source "ChessBase"]
[SourceDate "2022.09.30"]
[SourceVersion "1"]
[SourceVersionDate "2022.09.30"]
[SourceQuality "1"]

1. g3 d5 2. Nf3 Nf6 3. Bg2 c6 4. 0-0 Bg4 5. h3 Bxf3 6. Bxf3 e5 7. d3 Nbd7 8. Nd2 Be7 9. e4 dxe4 10. dxe4 0-0 11. Qe2 Qc7 12. Rd1 Nc5 13. Nc4 Rfd8 14. Bg5 Ne6 15. Bxf6 Bxf6 16. c3 b5 17. Ne3 Nc5 18. Rxd8+ Rxd8 19. Rd1 g6 20. h4 h5 21. Qc2 a5 22. Kf1 Rd7 23. Ke2 Bg7 24. Rxd7 Qxd7 25. Qd1 Qe7 26. Kf1 Bh6 27. Nc2 Na4 28. Na3 Nxb2 29. Qb3 Nd3 30. c4 Nc5 31. Qd1 Ne6 32. Qd3 b4 33. Nc2 Nc5 34. Qd1 Kg7 35. Kg2 Qe6 36. Qe2 Qd6 37. Ne1 Qd2 38. Nc2 Qxe2 39. Bxe2 Nxe4 40. Bf3 Nc3 41. Bxc6 Nxa2 42. c5 b3 43. Na3 Bc1 44. Nb1 Nb4 45. Ba4 b2 46. c6 Nd5 47. Kf3 f5 48. Ke2 Kf6 49. Kd3 Ke7 50. Kc4 Kd6 51. Kb5 e4 52. Kxa5 e3 53. fxe3 Bxe3 54. Kb5 Bf2 55. Kc4 Nb6+ 56. Kb5 Nxa4 0-1

[Event "Titled Tuesday intern op 28th Jun Early"]
[Site "Chess.com INT"]
[Date "2022.06.28"]
[Round "4"]
[White "Hamley, Ryan"]
[Black "Dankhazi, Andras"]
[Result "0-1"]
[WhiteElo "2097"]
[BlackElo "2298"]
[PlyCount "82"]
[EventDate "2022.06.28"]
[EventType "swiss (blitz)"]
[EventRounds "11"]
[EventCountry "USA"]
[SourceTitle "CBM 209 Extra"]
[Source "ChessBase"]
[SourceDate "2022.09.30"]
[SourceVersion "1"]
[SourceVersionDate "2022.09.30"]
[SourceQuality "1"]

1. d4 e6 2. c4 b6 3. a3 Bb7 4. Nc3 f5 5. d5 Nf6 6. g3 Be7 7. Bg2 0-0 8. Nf3 a5 9. 0-0 Na6 10. Nd4 Nc5 11. Rb1 exd5 12. cxd5 g6 13. Bh6 Re8 14. b4 axb4 15. axb4 Nce4 16. Nxe4 fxe4 17. f3 Bxd5 18. fxe4 Bxe4 19. Bxe4 Nxe4 20. Qc2 d5 21. Nb5 Qd7 22. Nxc7 Rec8 23. Qb2 Bf6 24. Rxf6 Qxc7 25. Rf4 Qc3 26. Qxc3 Nxc3 27. Re1 Rc4 28. Rf6 Ne4 29. Rxb6 Rcc8 30. Rb7 Rab8 31. Rxb8 Rxb8 32. Rf1 Nc3 33. Rf4 Nxe2+ 34. Kf2 Nxf4 35. Bxf4 Rb7 36. Ke3 Rxb4 37. Kd3 Re4 38. h3 Kf7 39. h4 Ke6 40. Bd2 h5 41. Bf4 Kf5 0-1

[Event "Titled Tuesday intern op 28th Jun Early"]
[Site "Chess.com INT"]
[Date "2022.06.28"]
[Round "11"]
[White "Lashkin, Jegor"]
[Black "Dankhazi, Andras"]
[Result "1-0"]
[WhiteElo "2399"]
[BlackElo "2298"]
[PlyCount "93"]
[EventDate "2022.06.28"]
[EventType "swiss (blitz)"]
[EventRounds "11"]
[EventCountry "USA"]
[SourceTitle "CBM 209 Extra"]
[Source "ChessBase"]
[SourceDate "2022.09.30"]
[SourceVersion "1"]
[SourceVersionDate "2022.09.30"]
[SourceQuality "1"]

1. d4 d5 2. c4 e6 3. Nc3 c6 4. e3 Nd7 5. Nf3 f5 6. Bd3 Ngf6 7. 0-0 Bd6 8. b3 0-0 9. Bb2 Qe7 10. Ne2 Ne4 11. Ne5 Nxe5 12. dxe5 Bc7 13. Qc2 Bd7 14. Rac1 Rac8 15. f3 Ng5 16. Qd2 Nf7 17. f4 dxc4 18. Bxc4 c5 19. Nc3 Bc6 20. Qe2 a6 21. a4 Ba5 22. Rfd1 Rfd8 23. h3 Qe8 24. Kh2 Rxd1 25. Nxd1 Rd8 26. Bd3 Bb4 27. Nf2 b5 28. axb5 axb5 29. Bc3 Ba3 30. Ra1 b4 31. Bb2 Bxb2 32. Qxb2 Ra8 33. Rc1 Ra5 34. Qc2 Qa8 35. e4 fxe4 36. Bxe4 Bxe4 37. Nxe4 Ra2 38. Qd3 h6 39. Qf3 Qd5 40. Rxc5 Qd4 41. Rc8+ Kh7 42. Rc4 Qa1 43. Qd3 g6 44. Nf6+ Kg7 45. Ne8+ Kf8 46. Rc8 Qf1 47. Qxf1 1-0

[Event "HUN-chT 1920"]
[Site "Hungary"]
[Date "2020.09.13"]
[Round "9.9"]
[White "Gara, Ticia"]
[Black "Dankhazi, Andras"]
[Result "1/2-1/2"]
[WhiteElo "2322"]
[BlackElo "2277"]
[PlyCount "48"]
[EventDate "2019.11.16"]
[EventType "team-tourn"]
[EventRounds "9"]
[EventCountry "HUN"]
[SourceTitle "EXT 2021"]
[Source "ChessBase"]
[SourceDate "2020.10.23"]
[SourceVersion "1"]
[SourceVersionDate "2020.10.23"]
[SourceQuality "1"]
[WhiteTeam "Aquaprofit"]
[BlackTeam "Paks"]
[WhiteTeamCountry "HUN"]
[BlackTeamCountry "HUN"]

1. Nf3 d5 2. g3 Nf6 3. Bg2 c5 4. 0-0 Nc6 5. d4 cxd4 6. Nxd4 e5 7. Nxc6 bxc6 8. c4 Be6 9. Nc3 Rc8 10. cxd5 cxd5 11. Qa4+ Qd7 12. Qxd7+ Kxd7 13. Rd1 Bc5 14. Nxd5 Nxd5 15. Bxd5 Bxd5 16. Rxd5+ Ke6 17. Rd2 Rhd8 18. Kf1 Bb6 19. Rxd8 Rxd8 20. Be3 Bxe3 21. fxe3 Rd2 22. Rc1 Rxb2 23. Rc6+ Kf5 24. Ra6 Rb7 1/2-1/2

[Event "HUN-ch rapid"]
[Site "Ajka"]
[Date "2019.07.20"]
[Round "5"]
[White "Dankhazi, Andras"]
[Black "Hardicsay, Peter"]
[Result "1/2-1/2"]
[WhiteElo "2277"]
[BlackElo "2185"]
[PlyCount "72"]
[EventDate "2019.07.19"]
[EventType "swiss (rapid)"]
[EventRounds "13"]
[EventCountry "HUN"]
[SourceTitle "CBM 191 Extra"]
[Source "ChessBase"]
[SourceDate "2019.09.30"]
[SourceVersion "1"]
[SourceVersionDate "2019.09.30"]
[SourceQuality "1"]

1. d4 Nf6 2. c4 g6 3. g3 d5 4. cxd5 c6 5. Bg2 cxd5 6. Nc3 Bg7 7. Nf3 0-0 8. Ne5 Nc6 9. Nxc6 bxc6 10. 0-0 e5 11. dxe5 Ng4 12. Na4 Nxe5 13. Be3 Re8 14. Bd4 Bf5 15. Nc5 Qe7 16. b3 h5 17. Qd2 Rad8 18. Rac1 Kh7 19. Qb2 f6 20. Rfe1 Qf7 21. Rcd1 Rb8 22. Qc3 Rbc8 23. e4 dxe4 24. Nxe4 Bxe4 25. Bxe4 c5 26. Bxe5 Rxe5 27. Bd3 Rce8 28. Bc4 Rxe1+ 29. Rxe1 Rxe1+ 30. Qxe1 Qd7 31. Qe4 f5 32. Qa8 Kh6 33. Kg2 Qe7 34. h4 f4 35. Qf3 fxg3 36. fxg3 Qe5 1/2-1/2

[Event "HUN-chT2 Charousek 1819"]
[Site "Hungary"]
[Date "2019.03.31"]
[Round "10.2"]
[White "Dankhazi, Andras"]
[Black "Horvath, Peter"]
[Result "1/2-1/2"]
[WhiteElo "2289"]
[BlackElo "2424"]
[PlyCount "46"]
[EventDate "2018.09.23"]
[EventType "team-tourn"]
[EventRounds "11"]
[EventCountry "HUN"]
[SourceTitle "EXT 2021"]
[Source "ChessBase"]
[SourceDate "2020.10.23"]
[SourceVersion "1"]
[SourceVersionDate "2020.10.23"]
[SourceQuality "1"]
[WhiteTeam "Paks ASE II"]
[BlackTeam "Ajka Banyasz"]
[WhiteTeamCountry "HUN"]
[BlackTeamCountry "HUN"]

1. d4 d5 2. Nf3 Nf6 3. c4 e6 4. Nc3 Bb4 5. Bg5 h6 6. Bxf6 Qxf6 7. e3 0-0 8. Rc1 Nc6 9. a3 Bxc3+ 10. Rxc3 dxc4 11. Bxc4 e5 12. dxe5 Nxe5 13. Nxe5 Qxe5 14. 0-0 c6 15. Qc2 Bf5 16. Bd3 Bxd3 17. Rxd3 Rad8 18. Rfd1 Rxd3 19. Rxd3 Re8 20. Rd7 Re7 21. Rd8+ Re8 22. Rd7 Re7 23. Rd8+ Re8 1/2-1/2

[Event "HUN-chT2 Charousek 1819"]
[Site "Hungary"]
[Date "2019.03.10"]
[Round "9.4"]
[White "Krutti, Valer"]
[Black "Dankhazi, Andras"]
[Result "1/2-1/2"]
[WhiteElo "2310"]
[BlackElo "2289"]
[PlyCount "40"]
[EventDate "2018.09.23"]
[EventType "team-tourn"]
[EventRounds "11"]
[EventCountry "HUN"]
[SourceTitle "EXT 2021"]
[Source "ChessBase"]
[SourceDate "2020.10.23"]
[SourceVersion "1"]
[SourceVersionDate "2020.10.23"]
[SourceQuality "1"]
[WhiteTeam "Aquaprofit Nagykanizsa II"]
[BlackTeam "Paks ASE II"]
[WhiteTeamCountry "HUN"]
[BlackTeamCountry "HUN"]

1. d4 Nf6 2. c4 e6 3. Nf3 d5 4. g3 Bb4+ 5. Bd2 Be7 6. Bg2 0-0 7. 0-0 c6 8. Qc2 Nbd7 9. Rc1 b6 10. Qa4 Bb7 11. cxd5 cxd5 12. Bb4 Bxb4 13. Qxb4 a5 14. Qb3 Ba6 15. e3 b5 16. Nbd2 Qb6 17. a3 Rfb8 18. Rc2 b4 19. a4 Rc8 20. Rac1 Bb7 1/2-1/2

[Event "HUN-chT 1819"]
[Site "Hungary"]
[Date "2019.02.24"]
[Round "6.1"]
[White "Kelemen, David"]
[Black "Dankhazi, Andras"]
[Result "1/2-1/2"]
[WhiteElo "2154"]
[BlackElo "2285"]
[PlyCount "77"]
[EventDate "2018.11.17"]
[EventType "team-tourn"]
[EventRounds "9"]
[EventCountry "HUN"]
[SourceTitle "CBM 189 Extra"]
[Source "ChessBase"]
[SourceDate "2019.06.03"]
[SourceVersion "1"]
[SourceVersionDate "2019.06.03"]
[SourceQuality "1"]
[WhiteTeam "Maroczy"]
[BlackTeam "Paks"]
[WhiteTeamCountry "HUN"]
[BlackTeamCountry "HUN"]

1. e4 e5 2. Nf3 Nc6 3. Bb5 a6 4. Ba4 Nf6 5. d3 d6 6. 0-0 g6 7. a3 Bg7 8. Re1 0-0 9. Nbd2 Nd7 10. c3 Nc5 11. Bxc6 bxc6 12. d4 Nd3 13. Re3 Nxc1 14. Rxc1 exd4 15. cxd4 c5 16. dxc5 Bxb2 17. Rb1 Bg7 18. Rd3 Qe7 19. cxd6 cxd6 20. Rb6 Rd8 21. Nc4 Qxe4 22. Nxd6 Qe7 23. h3 Be6 24. Rb7 Qf6 25. Ne4 Qa1 26. Rb1 Rxd3 27. Qxd3 Qa2 28. Rb6 Qc4 29. Qxc4 Bxc4 30. Nf6+ Bxf6 31. Rxf6 a5 32. Rc6 Bb3 33. Nd4 a4 34. Rb6 Bd5 35. Rb5 Bc4 36. Rc5 Bb3 37. Rb5 Bc4 38. Rb4 Bd5 39. Rb5 1/2-1/2

[Event "HUN-ch rapid"]
[Site "Ajka"]
[Date "2018.07.22"]
[Round "11"]
[White "Dankhazi, Andras"]
[Black "Geher, Koppany"]
[Result "1-0"]
[WhiteElo "2289"]
[BlackElo "1611"]
[PlyCount "93"]
[EventDate "2018.07.20"]
[EventType "swiss (rapid)"]
[EventRounds "13"]
[EventCountry "HUN"]
[SourceTitle "EXT 2019"]
[Source "ChessBase"]
[SourceDate "2018.10.10"]
[SourceVersion "1"]
[SourceVersionDate "2018.10.10"]
[SourceQuality "1"]

1. d4 Nf6 2. c4 g6 3. g3 c6 4. Bg2 d5 5. Qa4 Nbd7 6. cxd5 cxd5 7. Nc3 Bg7 8. e3 0-0 9. Nge2 e6 10. 0-0 a6 11. Nf4 b5 12. Qd1 Bb7 13. Nd3 Qe7 14. Qb3 Ne4 15. a4 Nxc3 16. bxc3 Rfc8 17. axb5 axb5 18. Ba3 Qd8 19. Nc5 Nxc5 20. Bxc5 Bc6 21. Qb2 Rxa1 22. Rxa1 Ra8 23. Bf1 Bf8 24. Bxf8 Qxf8 25. Rxa8 Qxa8 26. Qb4 Kg7 27. Kg2 Qb7 28. h4 h5 29. Qd6 Qd7 30. Qe5+ f6 31. Qb8 Qb7 32. Qxb7+ Bxb7 33. Bxb5 Kf7 34. Kf1 Ke7 35. Ke2 e5 36. c4 dxc4 37. Bxc4 exd4 38. exd4 Bc6 39. Ke3 Kd6 40. Bf7 g5 41. hxg5 fxg5 42. Bxh5 Bd5 43. f4 gxf4+ 44. Kxf4 Ke6 45. Bf3 Bc4 46. Be4 Kf6 47. g4 1-0

[Event "HUN-ch rapid"]
[Site "Ajka"]
[Date "2018.07.22"]
[Round "12"]
[White "Vertetics, Attila"]
[Black "Dankhazi, Andras"]
[Result "1-0"]
[WhiteElo "2436"]
[BlackElo "2289"]
[PlyCount "77"]
[EventDate "2018.07.20"]
[EventType "swiss (rapid)"]
[EventRounds "13"]
[EventCountry "HUN"]
[SourceTitle "EXT 2019"]
[Source "ChessBase"]
[SourceDate "2018.10.10"]
[SourceVersion "1"]
[SourceVersionDate "2018.10.10"]
[SourceQuality "1"]

1. d4 d5 2. c4 e6 3. Nf3 Nf6 4. Bg5 Bb4+ 5. Nc3 h6 6. Bxf6 Qxf6 7. e3 0-0 8. Rc1 dxc4 9. Bxc4 c5 10. a3 cxd4 11. Qxd4 Qxd4 12. Nxd4 Ba5 13. Ke2 Bd7 14. Rhd1 Rc8 15. Ne4 Bb6 16. Nd6 Rc7 17. N4b5 Bxb5 18. Bxb5 Nc6 19. Nxb7 Na5 20. Rxc7 Bxc7 21. Rd7 Nxb7 22. Rxc7 Nd6 23. Bc6 Rb8 24. b4 Rb6 25. Kd3 a5 26. Kc3 axb4+ 27. axb4 Kf8 28. Kb3 Ra6 29. b5 Ra1 30. Kb4 Nxb5 31. Kxb5 Ra2 32. Kc5 Rxf2 33. Kd6 g5 34. Bf3 Rd2+ 35. Ke5 Kg7 36. Bh5 Rf2 37. g4 Rf3 38. e4 Kf8 39. Rxf7+ 1-0

[Event "Budapest Spring op"]
[Site "Budapest"]
[Date "2018.04.20"]
[Round "3"]
[White "Krzyzanowski, Marcin"]
[Black "Dankhazi, Andras"]
[Result "1-0"]
[WhiteElo "2472"]
[BlackElo "2300"]
[PlyCount "107"]
[EventDate "2018.04.18"]
[EventType "swiss"]
[EventRounds "9"]
[EventCountry "HUN"]
[SourceTitle "CBM 184 Extra"]
[Source "ChessBase"]
[SourceDate "2018.06.28"]
[SourceVersion "1"]
[SourceVersionDate "2018.06.28"]
[SourceQuality "1"]

1. d4 Nf6 2. c4 e6 3. Nf3 d5 4. Nc3 Be7 5. Bf4 0-0 6. Rc1 dxc4 7. e3 Nd5 8. Bxc4 Nxf4 9. exf4 c5 10. d5 exd5 11. Nxd5 Nc6 12. 0-0 Bf6 13. Bd3 b6 14. b3 Bb7 15. Be4 Rb8 16. Qd3 h6 17. Rfd1 Nd4 18. Nxf6+ Qxf6 19. Nxd4 Bxe4 20. Qxe4 Rfe8 21. Qf5 cxd4 22. Qxf6 gxf6 23. Rxd4 Re2 24. a4 Rbe8 25. h3 Rb2 26. Rd3 f5 27. Rf3 Re4 28. Rc6 Re6 29. Rc7 a5 30. Rb7 Kf8 31. Kh2 Rg6 32. Rd7 Ke8 33. Rd5 Rf6 34. Re3+ Kf8 35. Kg3 Rg6+ 36. Kf3 Rf6 37. Rb5 Kg7 38. Re2 Rb1 39. Rd2 Kg6 40. Rd8 Rc6 41. Rd3 Rb2 42. Kg3 Re6 43. h4 Rc6 44. Rbd5 Re6 45. h5+ Kf6 46. Rc3 Ra2 47. Rd7 Kg7 48. Rcc7 Rf6 49. Rd5 Rb2 50. Rb5 Kg8 51. Rb7 Rd6 52. Rxf5 Rd3+ 53. Kh2 Rxf2 54. Rbxf7 1-0

[Event "HUN-chT2 Charousek 1718"]
[Site "Hungary"]
[Date "2018.03.04"]
[Round "7.5"]
[White "Orso, Miklos"]
[Black "Dankhazi, Andras"]
[Result "1/2-1/2"]
[WhiteElo "2290"]
[BlackElo "2329"]
[PlyCount "33"]
[EventDate "2017.10.29"]
[EventType "team-tourn"]
[EventRounds "9"]
[EventCountry "HUN"]
[SourceTitle "EXT 2020"]
[Source "ChessBase"]
[SourceDate "2019.10.17"]
[SourceVersion "1"]
[SourceVersionDate "2019.10.17"]
[SourceQuality "1"]
[WhiteTeam "Aquaprofit Nagykanizsa II"]
[BlackTeam "Paks ASE II"]
[WhiteTeamCountry "HUN"]
[BlackTeamCountry "HUN"]

1. Nf3 d5 2. c4 d4 3. e3 Nc6 4. d3 e5 5. Be2 Nf6 6. exd4 exd4 7. 0-0 h6 8. Na3 Bxa3 9. bxa3 Nd7 10. Rb1 Nc5 11. Bd2 a5 12. Bf4 0-0 13. h3 Bf5 14. Re1 Re8 15. Bf1 Rxe1 16. Nxe1 Qd7 17. Qf3 1/2-1/2

[Event "HUN-chT2 Charousek 1718"]
[Site "Hungary"]
[Date "2018.02.18"]
[Round "6.4"]
[White "Mihalincic, Tomislav"]
[Black "Dankhazi, Andras"]
[Result "1/2-1/2"]
[WhiteElo "2275"]
[BlackElo "2329"]
[PlyCount "48"]
[EventDate "2017.10.29"]
[EventType "team-tourn"]
[EventRounds "9"]
[EventCountry "HUN"]
[SourceTitle "EXT 2020"]
[Source "ChessBase"]
[SourceDate "2019.10.17"]
[SourceVersion "1"]
[SourceVersionDate "2019.10.17"]
[SourceQuality "1"]
[WhiteTeam "Tapolca Rockwool"]
[BlackTeam "Paks ASE II"]
[WhiteTeamCountry "HUN"]
[BlackTeamCountry "HUN"]

1. c4 e6 2. d4 d5 3. Nc3 Nf6 4. Bg5 Be7 5. cxd5 Nxd5 6. Bxe7 Qxe7 7. e4 Nxc3 8. bxc3 c5 9. Bb5+ Bd7 10. Qb3 cxd4 11. cxd4 Bxb5 12. Qxb5+ Qd7 13. Rb1 Qxb5 14. Rxb5 b6 15. Ne2 0-0 16. Kd2 Nd7 17. a4 Rac8 18. Rc1 Rxc1 19. Nxc1 Rc8 20. Nd3 Rc4 21. Rb4 Rc7 22. Rb3 Rc4 23. Rb4 Rc7 24. Rb3 Rc4 1/2-1/2

[Event "HUN-chT2 Charousek 1718"]
[Site "Hungary"]
[Date "2017.12.03"]
[Round "3.5"]
[White "Piroska, Istvan"]
[Black "Dankhazi, Andras"]
[Result "1-0"]
[WhiteElo "2137"]
[BlackElo "2329"]
[PlyCount "67"]
[EventDate "2017.10.29"]
[EventType "team-tourn"]
[EventRounds "9"]
[EventCountry "HUN"]
[SourceTitle "EXT 2020"]
[Source "ChessBase"]
[SourceDate "2019.10.17"]
[SourceVersion "1"]
[SourceVersionDate "2019.10.17"]
[SourceQuality "1"]
[WhiteTeam "Penzugyor"]
[BlackTeam "Paks ASE II"]
[WhiteTeamCountry "HUN"]
[BlackTeamCountry "HUN"]

1. e4 e5 2. Nf3 Nc6 3. Bc4 Bc5 4. Nc3 Nf6 5. d3 h6 6. Be3 Bxe3 7. fxe3 d6 8. a3 0-0 9. Qe2 Be6 10. Bxe6 fxe6 11. Rg1 Nh7 12. 0-0-0 Ng5 13. Nd2 Nh7 14. g4 d5 15. exd5 exd5 16. Qg2 Ne7 17. h4 g6 18. Qg3 Nc6 19. e4 d4 20. Nd5 b5 21. Rdf1 Qd6 22. g5 h5 23. Rf6 Rxf6 24. gxf6 Nf8 25. Qg5 Kh7 26. Nf3 Re8 27. Qd2 Nd8 28. Ng5+ Kh8 29. f7 Re7 30. Nxe7 Qxe7 31. Rf1 Kg7 32. Qb4 Qxb4 33. axb4 Nfe6 34. c3 1-0

[Event "HUN-chT2 Charousek 1718"]
[Site "Hungary"]
[Date "2017.10.29"]
[Round "1.6"]
[White "Dankhazi, Andras"]
[Black "Vargyas, Zoltan"]
[Result "1-0"]
[WhiteElo "2329"]
[BlackElo "2105"]
[PlyCount "99"]
[EventDate "2017.10.29"]
[EventType "team-tourn"]
[EventRounds "9"]
[EventCountry "HUN"]
[SourceTitle "EXT 2020"]
[Source "ChessBase"]
[SourceDate "2019.10.17"]
[SourceVersion "1"]
[SourceVersionDate "2019.10.17"]
[SourceQuality "1"]
[WhiteTeam "Paks ASE II"]
[BlackTeam "Balatonfuered"]
[WhiteTeamCountry "HUN"]
[BlackTeamCountry "HUN"]

1. Nf3 Nf6 2. c4 e6 3. Nc3 d5 4. d4 c6 5. g3 Be7 6. Bg2 0-0 7. 0-0 Nbd7 8. b3 b6 9. Bb2 Ba6 10. Nd2 Rc8 11. e4 c5 12. exd5 cxd4 13. dxe6 fxe6 14. Nce4 Nc5 15. Qe2 e5 16. Nxc5 Bxc5 17. Qxe5 Rc7 18. Ne4 Nxe4 19. Qxe4 Bb7 20. Qe6+ Kh8 21. Bxb7 Rxb7 22. Rad1 Re7 23. Qg4 Rd7 24. Rd3 a5 25. Rfd1 Qf6 26. Qxd7 Qxf2+ 27. Kh1 Qxb2 28. R3d2 Qc3 29. Qd5 h6 30. Qe4 Kg8 31. Qe2 Kh8 32. Rd3 Qb4 33. Rf3 Rd8 34. Qd3 Re8 35. Qg6 Re1+ 36. Rf1 Re2 37. Rf7 Bf8 38. Rdf1 Re8 39. Rxg7 Bxg7 40. Qxe8+ Kh7 41. Qe4+ Kh8 42. Rf7 Qd6 43. Qg4 Bf8 44. Qc8 Kg8 45. Qxf8+ Qxf8 46. Rxf8+ Kxf8 47. Kg2 Ke7 48. Kf3 Kd6 49. Ke4 Kc5 50. Kd3 1-0